<?xml version="1.0" encoding="UTF-8"?>
<record
    xmlns:xsi="http://www.w3.org/2001/XMLSchema-instance"
    xsi:schemaLocation="http://www.loc.gov/MARC21/slim http://www.loc.gov/standards/marcxml/schema/MARC21slim.xsd"
    xmlns="http://www.loc.gov/MARC21/slim">

  <leader>00318nam a2200133Ia 4500</leader>
  <controlfield tag="008">191201s2006    xx            000 0 und d</controlfield>
  <datafield tag="100" ind1=" " ind2=" ">
    <subfield code="a">BALAJI, B</subfield>
  </datafield>
  <datafield tag="245" ind1=" " ind2="0">
    <subfield code="a">Services Marketing and Management</subfield>
  </datafield>
  <datafield tag="250" ind1=" " ind2=" ">
    <subfield code="a">2nd</subfield>
  </datafield>
  <datafield tag="260" ind1=" " ind2=" ">
    <subfield code="a">N.Delhi</subfield>
    <subfield code="b">S Chand and Co. Ltd.</subfield>
    <subfield code="c">2006</subfield>
  </datafield>
  <datafield tag="300" ind1=" " ind2=" ">
    <subfield code="a">436</subfield>
  </datafield>
  <datafield tag="650" ind1=" " ind2=" ">
    <subfield code="a">MBA</subfield>
  </datafield>
  <datafield tag="942" ind1=" " ind2=" ">
    <subfield code="2">ddc</subfield>
    <subfield code="c">BK</subfield>
  </datafield>
  <datafield tag="999" ind1=" " ind2=" ">
    <subfield code="c">2850</subfield>
    <subfield code="d">2850</subfield>
  </datafield>
  <datafield tag="952" ind1=" " ind2=" ">
    <subfield code="0">0</subfield>
    <subfield code="1">0</subfield>
    <subfield code="2">ddc</subfield>
    <subfield code="4">0</subfield>
    <subfield code="7">0</subfield>
    <subfield code="8">MBA</subfield>
    <subfield code="a">PIET</subfield>
    <subfield code="b">PIET</subfield>
    <subfield code="d">2007-08-18</subfield>
    <subfield code="e">J B C, New Delhi</subfield>
    <subfield code="g">235.00</subfield>
    <subfield code="k">703</subfield>
    <subfield code="l">1</subfield>
    <subfield code="o">658.8 BAS</subfield>
    <subfield code="p">6357</subfield>
    <subfield code="r">2022-05-11 00:00:00</subfield>
    <subfield code="s">2022-04-26</subfield>
    <subfield code="w">2007-07-28</subfield>
    <subfield code="y">BK</subfield>
  </datafield>
  <datafield tag="952" ind1=" " ind2=" ">
    <subfield code="0">0</subfield>
    <subfield code="1">0</subfield>
    <subfield code="2">ddc</subfield>
    <subfield code="4">0</subfield>
    <subfield code="7">0</subfield>
    <subfield code="8">MBA</subfield>
    <subfield code="a">PIET</subfield>
    <subfield code="b">PIET</subfield>
    <subfield code="d">2007-08-18</subfield>
    <subfield code="e">J B C, New Delhi</subfield>
    <subfield code="g">235.00</subfield>
    <subfield code="k">703</subfield>
    <subfield code="l">0</subfield>
    <subfield code="o">658.8 BAS</subfield>
    <subfield code="p">6358</subfield>
    <subfield code="r">2019-12-04 00:00:00</subfield>
    <subfield code="w">2007-07-28</subfield>
    <subfield code="y">BK</subfield>
  </datafield>
  <datafield tag="952" ind1=" " ind2=" ">
    <subfield code="0">0</subfield>
    <subfield code="1">0</subfield>
    <subfield code="2">ddc</subfield>
    <subfield code="4">0</subfield>
    <subfield code="7">0</subfield>
    <subfield code="8">MBA</subfield>
    <subfield code="a">PIET</subfield>
    <subfield code="b">PIET</subfield>
    <subfield code="d">2007-08-18</subfield>
    <subfield code="e">J B C, New Delhi</subfield>
    <subfield code="g">235.00</subfield>
    <subfield code="k">703</subfield>
    <subfield code="l">1</subfield>
    <subfield code="p">6359</subfield>
    <subfield code="q">2020-11-09</subfield>
    <subfield code="r">2020-10-26 00:00:00</subfield>
    <subfield code="s">2020-10-26</subfield>
    <subfield code="w">2007-07-28</subfield>
    <subfield code="y">BK</subfield>
  </datafield>
  <datafield tag="952" ind1=" " ind2=" ">
    <subfield code="0">0</subfield>
    <subfield code="1">0</subfield>
    <subfield code="2">ddc</subfield>
    <subfield code="4">0</subfield>
    <subfield code="7">0</subfield>
    <subfield code="8">MBA</subfield>
    <subfield code="a">PIET</subfield>
    <subfield code="b">PIET</subfield>
    <subfield code="d">2007-08-18</subfield>
    <subfield code="e">J B C, New Delhi</subfield>
    <subfield code="g">235.00</subfield>
    <subfield code="k">703</subfield>
    <subfield code="l">0</subfield>
    <subfield code="o">658.8 BAS</subfield>
    <subfield code="p">6360</subfield>
    <subfield code="r">2019-12-04 00:00:00</subfield>
    <subfield code="w">2007-07-28</subfield>
    <subfield code="y">BK</subfield>
  </datafield>
</record>
